000
00368nam a22001577a 4500
003
MPLRDC
005
20220104144510.0
008
210129b ||||| |||| 00| 0 eng d
082
_a
972.2 MTF
100
_a
不详
245
_a
剪纸艺术入门
_c
260
_a
_b
满庭芳出版社
_c
1987
300
_b
平
650
_a
纸艺--剪纸
942
_c
BK
_o
972.2 MTF
999
_c
50206
_d
50196